000 01283cam a22002535a 4500
008 240305e20240301xxk fo 000 0 eng d
041 0 _aeng
110 2 _aRoyal Institution of Chartered Surveyors
245 0 0 _aNational playbook for implementing whole life carbon assessments
_h[electronic resource]
260 _aLondon,
_bRICS,
_c1 March 2024
300 _a11p
500 _aSupports Whole life carbon assessment for the built environment Professional Statement ISBN 9781783215034
520 _aThe RICS national playbook for implementing whole life carbon assessments provides the step-by-step approach to be taken to use and embed the standard in your existing policy, legislation or measurement frameworks.
650 2 4 _aCARBON EMISSIONS
650 2 4 _aEN 15978
650 2 4 _aNET ZERO
650 2 4 _aSUSTAINABILITY
650 2 4 _aWHOLE LIFE APPRAISAL
651 4 _aInternational
690 _aQuantity surveying
_96263
856 4 1 _uhttps://www.rics.org/content/dam/ricsglobal/documents/standards/WLC-National-playbook.pdf
_zClient Guide available on RICS.org
856 4 1 _uhttps://www.rics.org/profession-standards/rics-standards-and-guidance/sector-standards/construction-standards/whole-life-carbon-assessment
_zVisit RICS WLCA resource page
942 _n0
999 _c121821
_d121821